000
00298 a2200145 4500
001
160681
020
_a
85-15-00136-5
040
_c
Magnum
240
1
0
_a
A bela adormecida
_l
por
245
1
0
_a
A bela adormecida
300
_a
16
440
1
_a
Loyola
697
_a
LITERATURA INFANTO
942
_c
BK
999
_c
160681
_d
160681